000 00453nam a2200181Ia 4500
001 23984
005 20260414151013.0
008 260414t2019||||xx |||||||||||||| ||spa||
041 _aESP
082 _a741.2
_bR66
100 _aRissler, Albrecht,
_eAUT
245 0 _aDibujo creativo :
_b00 trucos para desarrollar tu talento
260 _c2019
300 _a113 páginas :
_c16 cm.
650 _aABD
654 _aCAU
942 _cLIB
_dJUS
_fJUS
_2ddc
_n
999 _c23984
_d23984